Best Player From Every Nba Team 2018 - 2019 - Statistics

General Stats
  • This quiz has been taken 1,249 times
  • The average score is 25 of 30
Answer Stats
Team Player % Correct
Trail Blazers Damian Lillard
100%
Suns Devin Booker
97%
Warriors Kevin Durant
97%
Lakers Lebron James
97%
Rockets James Harden
95%
76ers Joel Embiid
95%
Celtics Kyrie Irving
95%
Mavericks Luka Doncic
95%
Raptors Kawhi Leonard
94%
Nuggets Nikola Jokic
94%
Hawks Trae Young
94%
Jazz Donovan Mitchell
93%
Thunder Russell Westbrook
92%
Pelicans Anthony Davis
91%
Bucks Giannis Antetokounmpo
91%
Wizards John Wall
89%
Timberwolves Karl Anthony-Towns
88%
Pistons Blake Griffin
87%
Hornets Kemba walker
86%
Spurs Demar Derozan
84%
Cavaliers Kevin Love
84%
Kings De'Aaron Fox
83%
Bulls Zach Lavine
80%
Grizzlies Mike Conley
72%
Pacers Victor Oladipo
72%
Nets D'angelo Russell
70%
Magic Nikola Vucevic
65%
Knicks Kristaps Porzingis
57%
Heat Goran Dragic
53%
Clippers Tobias Harris
40%
No matching quizzes found
Score Distribution
Percent of People with Each Score
Percentile by Number Answered
Your Score History
You have not taken this quiz